LEADER 00535nam 2200157z- 450 001 9910909489603321 035 $a(CKB)5840000000530846 035 $a(EXLCZ)995840000000530846 100 $a20241126c2024uuuu -u- - 101 0 $aeng 200 10$aGeorgia: Incumbent Georgian Dream Claims Victory in Disputed Parliamentary Elections (IN12456) 517 $aGeorgia 906 $aBOOK 912 $a9910909489603321 996 $aGeorgia: Incumbent Georgian Dream Claims Victory in Disputed Parliamentary Elections (IN12456)$94296362 997 $aUNINA